Quantum mechanics
-д хадгалсан:
| Үндсэн зохиолчид: | , , |
|---|---|
| Формат: | Ном |
| Хэл сонгох: | англи |
| Хэвлэсэн: |
París
Hermann
1977
|
| Хэвлэл: | 2a. ed |
| Цуврал: | Textbook Physics
|
| Нөхцлүүд: | |
| Шошгууд: |
Шошго нэмэх
Шошго байхгүй, Энэхүү баримтыг шошголох эхний хүн болох!
|
MARC
| LEADER | 00000cam a2200000 a 4500 | ||
|---|---|---|---|
| 001 | UCL9839 | ||
| 003 | CL-VaPUC | ||
| 008 | 040827e19770000fr |||||||||||||||||eng|d | ||
| 020 | |a 047116433Xv.1 | ||
| 020 | |a 047116435Xv.2 | ||
| 082 | 0 | 4 | |a 530.12 |b COH |2 21 |
| 100 | 0 | |a Cohen-Tannoudji, Claude |e author |9 487756 | |
| 700 | 0 | |a Diu, Bernard |e author |9 487757 | |
| 700 | 0 | |a Laloë, Franck |e author |9 487758 | |
| 245 | 1 | 0 | |a Quantum mechanics |
| 250 | |a 2a. ed | ||
| 300 | |a v | ||
| 942 | |c BK | ||
| 945 | |d 20040827 00:00:00 |a cmena | ||
| 260 | |a París |b Hermann |c 1977 | ||
| 650 | 0 | |a Mecánica cuántica |9 306806 | |
| 650 | 0 | |a Teoría cuántica |9 266148 | |
| 650 | 0 | |a Átomos |9 259583 | |
| 650 | 7 | |a FISICA NUCLEAR |2 CL-VaPUC |9 270366 | |
| 650 | 0 | |a Química |9 259896 | |
| 583 | |a last modification |c 20170926 11:49:27 |k Rodrigo Vera | ||
| 490 | 0 | |a Textbook Physics | |
| 999 | |c 310482 |d 310480 | ||
| 952 | |0 0 |1 0 |4 0 |6 530_120000000000000_COH_1977 |7 0 |8 A |9 378998 |a BIBCUR |b BIBCUR |d 2019-11-21 |h v.1 |i 4055209 |o 530.12 COH 1977 |p 4055209 |r 2025-04-22 |w 2019-11-21 |y BK |k FIS | ||
| 952 | |0 0 |1 0 |4 0 |6 530_120000000000000_COH_1977 |7 0 |8 A |9 378999 |a BIBCUR |b BIBCUR |d 2019-11-21 |h v.2 |i 4055217 |o 530.12 COH 1977 |p 4055217 |r 2025-04-22 |w 2019-11-21 |y BK |k FIS | ||
| 952 | |0 0 |1 0 |3 erb |4 0 |6 530_120000000000000_COH_1977 |7 0 |8 A |9 379000 |a BIBCUR |b BIBCUR |h v.1 |i 5066174 |l 4 |o 530.12 COH 1977 |p 5066174 |r 2025-04-22 |s 2024-05-20 |w 2019-11-21 |y BK |z Catalogado en:20140331 |k FIS | ||
| 952 | |0 0 |1 0 |3 erb |4 0 |6 530_120000000000000_COH_1977 |7 0 |8 A |9 379001 |a BIBCUR |b BIBCUR |h v.2 |i 5066158 |l 8 |m 11 |o 530.12 COH 1977 |p 5066158 |r 2025-04-22 |s 2024-10-07 |w 2019-11-21 |y BK |z Catalogado en:20140331 |k FIS | ||
| 952 | |0 0 |1 0 |3 erb |4 0 |6 530_120000000000000_COH_1977 |7 0 |8 A |9 379002 |a BIBCUR |b BIBCUR |h v.2 |i 5066166 |o 530.12 COH 1977 |p 5066166 |r 2025-04-22 |w 2019-11-21 |y BK |z Catalogado en:20140331 |k FIS | ||
| 952 | |0 0 |1 0 |3 erb |4 0 |6 530_120000000000000_COH_1977 |7 0 |8 A |9 379003 |a BIBCUR |b BIBCUR |h v.1 |i 5146690 |l 1 |m 2 |o 530.12 COH 1977 |p 5146690 |r 2025-04-22 |s 2022-04-29 |w 2019-11-21 |y BK |z Catalogado en:20150423 |k FIS | ||
| 952 | |0 0 |1 0 |3 erb |4 0 |6 530_120000000000000_COH_1977 |7 0 |8 A |9 379004 |a BIBCUR |b BIBCUR |h v.2 |i 5146682 |l 1 |m 1 |o 530.12 COH 1977 |p 5146682 |r 2025-04-22 |s 2024-09-11 |w 2019-11-21 |y BK |z Catalogado en:20150423 |k FIS | ||
| 952 | |0 0 |1 0 |3 erb |4 0 |6 530_120000000000000_COH_1977 |7 0 |8 A |9 379005 |a BIBCUR |b BIBCUR |h v.2 |i 5146674 |o 530.12 COH 1977 |p 5146674 |r 2025-04-22 |w 2019-11-21 |y BK |z Catalogado en:20150423 |k FIS | ||
| 952 | |0 0 |1 0 |3 erb |4 0 |6 530_120000000000000_COH_1977 |7 0 |8 A |9 379006 |a BIBCUR |b BIBCUR |h v.1 |i 542643K |l 6 |m 3 |o 530.12 COH 1977 |p 542643K |r 2025-04-22 |s 2023-03-31 |w 2019-11-21 |y BK |z Catalogado en:20170929 |k FIS | ||
| 952 | |0 0 |1 0 |3 erb |4 0 |6 530_120000000000000_COH_1977 |7 0 |8 A |9 379007 |a BIBCUR |b BIBCUR |h v.1 |i 5471168 |l 3 |m 1 |o 530.12 COH 1977 |p 5471168 |r 2025-04-22 |s 2024-08-14 |w 2019-11-21 |y BK |z Catalogado en:20180518 |k FIS | ||
| 952 | |0 0 |1 0 |3 erb |4 0 |6 530_120000000000000_COH_1977 |7 0 |8 A |9 379008 |a BIBCUR |b BIBCUR |h v.1 |i 547115K |l 10 |m 9 |o 530.12 COH 1977 |p 547115K |r 2025-04-22 |s 2024-09-25 |w 2019-11-21 |y BK |z Catalogado en:20180518 |k FIS | ||
| 952 | |0 0 |1 0 |3 erb |4 0 |6 530_120000000000000_COH_1977 |7 0 |8 A |9 379009 |a BIBCUR |b BIBCUR |h v.1 |i 5471141 |l 9 |m 6 |o 530.12 COH 1977 |p 5471141 |r 2025-04-22 |s 2025-03-31 |w 2019-11-21 |y BK |z Catalogado en:20180518 |k FIS | ||
| 952 | |0 0 |1 0 |3 erb |4 0 |6 530_120000000000000_COH_1977 |7 0 |8 A |9 379010 |a BIBCUR |b BIBCUR |h v.1 |i 5471133 |l 4 |m 4 |o 530.12 COH 1977 |p 5471133 |r 2025-04-22 |s 2024-10-17 |w 2019-11-21 |y BK |z Catalogado en:20180518 |k FIS | ||
| 952 | |0 0 |1 0 |3 erb |4 0 |6 530_120000000000000_COH_1977 |7 0 |8 A |9 379011 |a BIBCUR |b BIBCUR |h v.1 |i 5471125 |l 4 |m 4 |o 530.12 COH 1977 |p 5471125 |r 2025-04-22 |s 2024-11-28 |w 2019-11-21 |y BK |z Catalogado en:20180518 |k FIS | ||
| 952 | |0 0 |1 0 |3 erb |4 0 |6 530_120000000000000_COH_1977 |7 0 |8 A |9 379012 |a BIBCUR |b BIBCUR |h v.2 |i 5506816 |l 13 |m 12 |o 530.12 COH 1977 |p 5506816 |r 2025-04-22 |s 2024-10-21 |w 2019-11-21 |y BK |z Catalogado en:20181012 |k FIS | ||
| 952 | |0 0 |1 0 |3 erb |4 0 |6 530_120000000000000_COH_1977 |7 0 |8 A |9 379013 |a BIBCUR |b BIBCUR |h v.2 |i 5506808 |l 1 |o 530.12 COH 1977 |p 5506808 |r 2025-04-22 |s 2024-10-17 |w 2019-11-21 |y BK |z Catalogado en:20181012 |k FIS | ||
| 952 | |0 0 |1 0 |3 erb |4 0 |6 530_120000000000000_COH_1977 |7 0 |8 A |9 379014 |a BIBCUR |b BIBCUR |h v.2 |i 5506794 |l 3 |m 1 |o 530.12 COH 1977 |p 5506794 |r 2025-04-22 |s 2024-11-27 |w 2019-11-21 |y BK |z Catalogado en:20181012 |k FIS | ||
| 952 | |0 0 |1 0 |3 erb |4 0 |6 530_120000000000000_COH_1977 |7 0 |8 A |9 379015 |a BIBCUR |b BIBCUR |h v.2 |i 5506786 |l 3 |m 2 |o 530.12 COH 1977 |p 5506786 |r 2025-04-22 |s 2024-11-21 |w 2019-11-21 |y BK |z Catalogado en:20181012 |k FIS | ||
| 952 | |0 0 |1 0 |3 erb |4 0 |6 530_120000000000000_COH_1977 |7 0 |8 A |9 379016 |a BIBCUR |b BIBCUR |h v.2 |i 5506778 |l 3 |m 2 |o 530.12 COH 1977 |p 5506778 |r 2025-04-22 |s 2024-09-12 |w 2019-11-21 |y BK |z Catalogado en:20181012 |k FIS | ||